[Event "GBR-ch76"]
[Site "Plymouth"]
[Date "1989.08.01"]
[Round "2.28"]
[White "Tozer, Richard JD"]
[Black "Ravi, Lanka"]
[Result "0-1"]
[WhiteElo "2235"]
[BlackElo "2410"]
[PlyCount "136"]
[EventDate "1989.07.31"]
[EventType "swiss"]
[EventRounds "11"]
[EventCountry "GBR"]
[SourceTitle "BritBase"]
[Source "John Saunders"]
[SourceDate "2023.12.16"]
[SourceVersion "1"]
[SourceVersionDate "2023.12.16"]
[SourceQuality "1"]

1. d4 Nf6 2. c4 e6 3. Nc3 d5 4. Bg5 Be7 5. e3 O-O 6. Nf3 h6 7. Bh4 b6 8. Qb3
Bb7 9. Bxf6 Bxf6 10. cxd5 exd5 11. Rd1 Re8 12. Bd3 c5 13. dxc5 Nd7 14. c6 Bxc6
15. Bb1 Nc5 16. Qc2 d4 17. Qh7+ Kf8 18. O-O Bxf3 19. gxf3 Be5 20. exd4 Qg5+ 21.
Kh1 Qh5 22. dxe5 Qxf3+ 23. Kg1 Qg4+ 24. Kh1 Qf3+ 25. Kg1 Rxe5 26. Rd5 Qg4+ 27.
Kh1 Qf3+ 28. Kg1 Rxd5 29. Qh8+ Ke7 30. Nxd5+ Qxd5 31. Qxg7 Qg5+ 32. Qxg5+ hxg5
33. f4 g4 34. Kg2 Rd8 35. Kg3 Rd2 36. Kxg4 Rxh2 37. b4 Ne6 38. a3 Kf6 39. Kg3
Rd2 40. Rc1 Nd4 41. Rc7 Rb2 42. Be4 Rb3+ 43. Kg4 Rxa3 44. Bd5 Ne6 45. Rb7 Ra4
46. Kg3 Ra3+ 47. Kg4 Ra1 48. Kg3 Rd1 49. Rd7 Ra1 50. Rb7 Ra4 51. Rd7 a6 52. Ra7
Rxb4 53. Rxa6 Nxf4 54. Ba2 Ne2+ 55. Kf3 Nc3 56. Ke3 Nxa2 57. Rxa2 b5 58. Kd3
Rf4 59. Ra6+ Kg7 60. Rb6 b4 61. Kc2 f6 62. Kb3 Kg6 63. Rxb4 Rxb4+ 64. Kxb4 Kf5
65. Kc3 Kf4 66. Kd2 Kf3 67. Ke1 f5 68. Kf1 f4 0-1

[Event "GBR-ch76"]
[Site "Plymouth"]
[Date "1989.08.01"]
[Round "2.33"]
[White "Richmond Garwell, Jane"]
[Black "Cullip, Stephen J"]
[Result "0-1"]
[WhiteElo "2180"]
[BlackElo "2300"]
[PlyCount "88"]
[EventDate "1989.07.31"]
[EventType "swiss"]
[EventRounds "11"]
[EventCountry "GBR"]
[SourceTitle "BritBase"]
[Source "John Saunders"]
[SourceDate "2023.12.16"]
[SourceVersion "1"]
[SourceVersionDate "2023.12.16"]
[SourceQuality "1"]

1. d4 Nf6 2. Nc3 d5 3. Bg5 Bf5 4. f3 Nbd7 5. e3 h6 6. Bh4 c5 7. Bd3 Bxd3 8.
Qxd3 cxd4 9. exd4 e6 10. Nge2 Be7 11. O-O a6 12. a4 Nb6 13. b3 Rc8 14. Rfc1 O-O
15. Nd1 Rc6 16. Ne3 Qc7 17. a5 Nbd7 18. c4 dxc4 19. bxc4 Bb4 20. Be1 Bxe1 21.
Rxe1 Rd8 22. Qb3 Qc8 23. Rab1 Rc7 24. Nf4 Ne8 25. Qb4 Ndf6 26. d5 g5 27. Nd3
exd5 28. cxd5 Nxd5 29. Nxd5 Rxd5 30. Ne5 Rb5 31. Qd4 Rxb1 32. Rxb1 Rc1+ 33.
Rxc1 Qxc1+ 34. Kf2 Qc2+ 35. Kg3 Qc7 36. Kf2 Qxa5 37. Ng4 Qa2+ 38. Kg3 Qe6 39.
h4 b5 40. hxg5 hxg5 41. Kh3 f5 42. Ne5 Qd6 43. Qc3 Qh6+ 44. Kg3 Qh4# 0-1

[Event "GBR-ch76"]
[Site "Plymouth"]
[Date "1989.08.02"]
[Round "3.1"]
[White "Arkell, Keith C"]
[Black "Hebden, Mark L"]
[Result "1/2-1/2"]
[WhiteElo "2450"]
[BlackElo "2520"]
[PlyCount "90"]
[EventDate "1989.07.31"]
[EventType "swiss"]
[EventRounds "11"]
[EventCountry "GBR"]
[SourceTitle "BritBase"]
[Source "John Saunders"]
[SourceDate "2023.12.16"]
[SourceVersion "1"]
[SourceVersionDate "2023.12.16"]
[SourceQuality "1"]

1. d4 Nf6 2. Nf3 g6 3. g3 Bg7 4. Bg2 O-O 5. O-O d6 6. c4 Nc6 7. Nc3 a6 8. h3
Rb8 9. e4 b5 10. cxb5 axb5 11. e5 Nd7 12. Ng5 Nxd4 13. Qxd4 Nxe5 14. Qh4 h6 15.
Nge4 e6 16. Qxd8 Rxd8 17. Rd1 b4 18. Ne2 Bb7 19. f4 Nc4 20. Rb1 Ra8 21. a3 bxa3
22. bxa3 Bxe4 23. Bxe4 d5 24. Bd3 Nxa3 25. Rb3 Bf8 26. Rd2 Ra4 27. Ra2 Rda8 28.
Rc3 Bd6 29. Rc6 R4a5 30. Rb2 Kf8 31. Rb7 Rc5 32. Rxc5 Bxc5+ 33. Kg2 Bb6 34. Bb2
Ke8 35. Bd4 Bxd4 36. Nxd4 c5 37. Nb5 Nxb5 38. Bxb5+ Kf8 39. Rc7 Ra2+ 40. Kf3
Ra3+ 41. Kf2 c4 42. Rc8+ Ke7 43. Rc7+ Kf8 44. Rc8+ Kg7 45. Rc7 Kf8 1/2-1/2

[Event "GBR-ch76"]
[Site "Plymouth"]
[Date "1989.08.02"]
[Round "3.2"]
[White "Norwood, David Robert"]
[Black "Beaumont, Chris R"]
[Result "1-0"]
[WhiteElo "2485"]
[BlackElo "2460"]
[PlyCount "41"]
[EventDate "1989.07.31"]
[EventType "swiss"]
[EventRounds "11"]
[EventCountry "GBR"]
[SourceTitle "BritBase"]
[Source "John Saunders"]
[SourceDate "2023.12.16"]
[SourceVersion "1"]
[SourceVersionDate "2023.12.16"]
[SourceQuality "1"]

1. e4 d6 2. d4 Nf6 3. Nc3 g6 4. Bg5 c6 5. Qd2 b5 6. Bd3 Bg7 7. f4 O-O 8. Nf3
Bg4 9. O-O-O Nbd7 10. h3 Bxf3 11. gxf3 Qa5 12. Kb1 Nb6 13. Nd5 Qa4 14. Nxe7+
Kh8 15. Nxc6 b4 16. Bxf6 Bxf6 17. d5 a5 18. h4 Rfc8 19. h5 Rxc6 20. dxc6 Qxc6
21. hxg6 1-0

[Event "GBR-ch76"]
[Site "Plymouth"]
[Date "1989.08.02"]
[Round "3.3"]
[White "Levitt, Jonathan P"]
[Black "McNab, Colin Anderson"]
[Result "1-0"]
[WhiteElo "2480"]
[BlackElo "2435"]
[PlyCount "63"]
[EventDate "1989.07.31"]
[EventType "swiss"]
[EventRounds "11"]
[EventCountry "GBR"]
[SourceTitle "BritBase"]
[Source "John Saunders"]
[SourceDate "2023.12.16"]
[SourceVersion "1"]
[SourceVersionDate "2023.12.16"]
[SourceQuality "1"]

1. d4 d6 2. e4 g6 3. c4 e5 4. Nf3 Nd7 5. Bg5 f6 6. Be3 Nh6 7. h3 c6 8. Qd2 Nf7
9. Nc3 Bg7 10. g3 O-O 11. Bg2 Nb6 12. b3 exd4 13. Nxd4 f5 14. exf5 Bxf5 15.
Nxf5 gxf5 16. O-O Qf6 17. Rac1 Bh6 18. f4 Rfe8 19. Rf3 Bg7 20. g4 d5 21. cxd5
Nxd5 22. Nxd5 cxd5 23. Rd1 Qa6 24. gxf5 d4 25. Bxd4 Re2 26. Qd3 Bxd4+ 27. Qxd4
Qb6 28. Qxb6 axb6 29. a4 Kg7 30. Rd7 Rb8 31. Bf1 Re1 32. Kf2 1-0

[Event "GBR-ch76"]
[Site "Plymouth"]
[Date "1989.08.02"]
[Round "3.4"]
[White "Plaskett, H James"]
[Black "Flear, Glenn C"]
[Result "0-1"]
[WhiteElo "2460"]
[BlackElo "2435"]
[PlyCount "62"]
[EventDate "1989.07.31"]
[EventType "swiss"]
[EventRounds "11"]
[EventCountry "GBR"]
[SourceTitle "BritBase"]
[Source "John Saunders"]
[SourceDate "2023.12.16"]
[SourceVersion "1"]
[SourceVersionDate "2023.12.16"]
[SourceQuality "1"]

1. c4 e6 2. Nf3 d5 3. b3 Nf6 4. Bb2 Be7 5. g3 O-O 6. Bg2 c5 7. O-O Nc6 8. e3 d4
9. exd4 cxd4 10. Re1 Qb6 11. d3 Bd7 12. Na3 Rad8 13. Nc2 Bc5 14. Rb1 a5 15. a3
Qc7 16. Bc1 e5 17. b4 Bd6 18. c5 Be7 19. b5 Nb8 20. Rxe5 Bxc5 21. Bg5 Bg4 22.
Bxf6 gxf6 23. Re4 Bf5 24. Rf4 Bg6 25. Nh4 Nd7 26. Nf5 Nb6 27. Qd2 Nd5 28. Rg4
Ne7 29. Ncxd4 Kh8 30. Nxe7 Qxe7 31. Qe3 Qd7 0-1

[Event "GBR-ch76"]
[Site "Plymouth"]
[Date "1989.08.02"]
[Round "3.5"]
[White "Chandler, Murray G"]
[Black "Pein, Malcolm"]
[Result "1-0"]
[WhiteElo "2585"]
[BlackElo "2385"]
[PlyCount "83"]
[EventDate "1989.07.31"]
[EventType "swiss"]
[EventRounds "11"]
[EventCountry "GBR"]
[SourceTitle "ChessBase 2017"]
[Source "ChessBase"]
[SourceDate "1990.06.01"]
[SourceVersion "1"]
[SourceVersionDate "1990.06.01"]
[SourceQuality "1"]

1. e4 d6 2. d4 Nf6 3. Nc3 g6 4. f4 Bg7 5. Nf3 c5 6. Bb5+ Bd7 7. e5 Ng4 8. e6
Bxb5 9. exf7+ Kd7 10. Nxb5 Qa5+ 11. Nc3 cxd4 12. Nxd4 Qh5 13. Ne4 Nc6 14. Ng3
Qa5+ 15. c3 h5 16. Nb3 Qb6 17. Ne4 Nd8 18. Qd3 Nxf7 19. h3 Ngh6 20. Be3 Qc6 21.
Nec5+ Ke8 22. Ne6 Bf6 23. O-O-O Rc8 24. Rhe1 Nf5 25. g4 hxg4 26. hxg4 Nxe3 27.
Rxe3 Qg2 28. g5 Rh2 29. Nd2 Bh8 30. Qxg6 Qf2 31. Qd3 Nd8 32. Nxd8 Kxd8 33. f5
Qf4 34. f6 exf6 35. g6 f5 36. Rf3 Qe5 37. Rxf5 Qe6 38. Rdf1 Kc7 39. Rf7+ Kb8
40. g7 Qxa2 41. gxh8=Q Qa1+ 42. Kc2 1-0

[Event "GBR-ch76"]
[Site "Plymouth"]
[Date "1989.08.02"]
[Round "3.7"]
[White "Conquest, Stuart C"]
[Black "McDonald, Neil R"]
[Result "0-1"]
[WhiteElo "2515"]
[BlackElo "2360"]
[PlyCount "82"]
[EventDate "1989.07.31"]
[EventType "swiss"]
[EventRounds "11"]
[EventCountry "GBR"]
[SourceTitle "BritBase"]
[Source "John Saunders"]
[SourceDate "2023.12.16"]
[SourceVersion "1"]
[SourceVersionDate "2023.12.16"]
[SourceQuality "1"]

1. e4 e6 2. d4 d5 3. Nd2 Nf6 4. e5 Nfd7 5. f4 c5 6. c3 Nc6 7. Ndf3 Qb6 8. g3 f5
9. Ne2 a5 10. Rg1 a4 11. g4 a3 12. b3 fxg4 13. Rxg4 g6 14. h4 cxd4 15. cxd4
Ndb8 16. h5 gxh5 17. Rg2 Bd7 18. f5 Na6 19. Bg5 Bb4+ 20. Kf2 Rf8 21. Ng3 Bc3
22. Nxh5 Bxd4+ 23. Kg3 Bxa1 24. Qxa1 Nc5 25. Kh2 Ne4 26. Ng7+ Kf7 27. Bh6 Ke7
28. Bd3 Kd8 29. Bxe4 dxe4 30. Ng5 Kc8 31. fxe6 Be8 32. Qd1 Qc7 33. Nxe8 Rxe8
34. Nf7 Kb8 35. Nd6 Rd8 36. Rg7 Qb6 37. Be3 Qb4 38. e7 Nxe7 39. Rxe7 Ra6 40.
Qe2 Raxd6 41. exd6 Qxd6+ 0-1

[Event "GBR-ch76"]
[Site "Plymouth"]
[Date "1989.08.02"]
[Round "3.9"]
[White "Pigott, John C"]
[Black "King, Daniel John"]
[Result "0-1"]
[WhiteElo "2370"]
[BlackElo "2495"]
[PlyCount "94"]
[EventDate "1989.07.31"]
[EventType "swiss"]
[EventRounds "11"]
[EventCountry "GBR"]
[SourceTitle "BritBase"]
[Source "John Saunders"]
[SourceDate "2023.12.16"]
[SourceVersion "1"]
[SourceVersionDate "2023.12.16"]
[SourceQuality "1"]

1. c4 e6 2. Nc3 b6 3. Nf3 Bb7 4. g3 Nf6 5. Bg2 c5 6. O-O a6 7. Re1 Be7 8. e4 d6
9. d4 cxd4 10. Nxd4 Qc7 11. Be3 O-O 12. Rc1 Nbd7 13. f4 Qb8 14. g4 Rc8 15. g5
Ne8 16. b3 Bf8 17. Bh3 Nc7 18. a4 Re8 19. Nde2 Rd8 20. f5 exf5 21. Bxf5 Ne6 22.
Nd5 Re8 23. Nec3 Qd8 24. Rf1 g6 25. Bh3 Bg7 26. Qd2 Nec5 27. Qf2 Ne5 28. Rb1
Bc8 29. Qh4 h5 30. Kh1 Bxh3 31. Qxh3 Ng4 32. Bg1 Ra7 33. b4 Nd7 34. Qf3 Nde5
35. Qe2 Qxg5 36. Bxb6 Rb7 37. a5 Qh4 38. Bg1 Rc8 39. Nb6 Re8 40. Ncd5 Nc6 41.
c5 dxc5 42. Qxa6 Nxh2 43. Bxh2 Qxe4+ 44. Kg1 Bd4+ 45. Rf2 Qxb1+ 46. Kg2 Qe4+
47. Rf3 Qg4+ 0-1

[Event "GBR-ch76"]
[Site "Plymouth"]
[Date "1989.08.02"]
[Round "3.10"]
[White "Watson, William Nicholas"]
[Black "Ward, Christopher G"]
[Result "1/2-1/2"]
[WhiteElo "2495"]
[BlackElo "2380"]
[PlyCount "69"]
[EventDate "1989.07.31"]
[EventType "swiss"]
[EventRounds "11"]
[EventCountry "GBR"]
[SourceTitle "BritBase"]
[Source "John Saunders"]
[SourceDate "2023.12.16"]
[SourceVersion "1"]
[SourceVersionDate "2023.12.16"]
[SourceQuality "1"]

1. e4 c5 2. Nf3 d6 3. d4 cxd4 4. Nxd4 Nf6 5. Nc3 g6 6. Bc4 Bg7 7. O-O O-O 8.
Be3 Nc6 9. h3 Nxe4 10. Bxf7+ Rxf7 11. Nxe4 h6 12. Qd2 Kh7 13. Rad1 Qa5 14. Nc3
Bd7 15. a3 Raf8 16. Qe2 Bxd4 17. Bxd4 Nxd4 18. Rxd4 Bc6 19. Rg4 Qf5 20. Qd2 a6
21. Ne2 Qf6 22. c4 e5 23. Nc3 Qe6 24. Ne4 Bxe4 25. Rxe4 Rf4 26. Qe2 R8f7 27. a4
Qd7 28. b3 Rxe4 29. Qxe4 Rf4 30. Qe3 Rd4 31. f4 Rxf4 32. Rxf4 exf4 33. Qxf4 Qe7
34. Kf2 d5 35. cxd5 1/2-1/2

[Event "GBR-ch76"]
[Site "Plymouth"]
[Date "1989.08.02"]
[Round "3.11"]
[White "Kinsman, Andrew PH"]
[Black "Barua, Dibyendu"]
[Result "0-1"]
[WhiteElo "2330"]
[BlackElo "2470"]
[PlyCount "60"]
[EventDate "1989.07.31"]
[EventType "swiss"]
[EventRounds "11"]
[EventCountry "GBR"]
[SourceTitle "BritBase"]
[Source "John Saunders"]
[SourceDate "2023.12.16"]
[SourceVersion "1"]
[SourceVersionDate "2023.12.16"]
[SourceQuality "1"]

1. d4 d5 2. Nf3 Nf6 3. c4 dxc4 4. Nc3 Bf5 5. e3 e6 6. Bxc4 Nbd7 7. O-O c5 8.
Re1 Bg4 9. h3 Bh5 10. d5 e5 11. d6 a6 12. Ng5 Qb6 13. g4 Bg6 14. f4 h6 15. Nf3
Qxd6 16. f5 Qxd1 17. Rxd1 Bh7 18. Nd5 Nxd5 19. Bxd5 O-O-O 20. Bxf7 e4 21. Ne1
Be7 22. Bd2 Bg8 23. Bxg8 Rhxg8 24. Bc3 h5 25. gxh5 Rh8 26. Ng2 Rxh5 27. Kh2
Rxf5 28. Bxg7 Rg8 29. Bh6 Rf2 30. Rg1 Ne5 0-1

[Event "GBR-ch76"]
[Site "Plymouth"]
[Date "1989.08.02"]
[Round "3.12"]
[White "Ruxton, Keith"]
[Black "Murugan, Krishnamoorthy"]
[Result "1/2-1/2"]
[WhiteElo "2325"]
[BlackElo "2450"]
[PlyCount "97"]
[EventDate "1989.07.31"]
[EventType "swiss"]
[EventRounds "11"]
[EventCountry "GBR"]
[SourceTitle "BritBase"]
[Source "John Saunders"]
[SourceDate "2023.12.16"]
[SourceVersion "1"]
[SourceVersionDate "2023.12.16"]
[SourceQuality "1"]

1. e4 c5 2. Nf3 e6 3. d4 cxd4 4. Nxd4 Nf6 5. Nc3 d6 6. g4 Nc6 7. g5 Nd7 8. Be3
Be7 9. h4 a6 10. Qh5 O-O 11. O-O-O Nxd4 12. Bxd4 b5 13. Bd3 e5 14. Be3 Bb7 15.
f4 exf4 16. Bxf4 Qc7 17. Nd5 Bxd5 18. exd5 g6 19. Qg4 Nc5 20. h5 Rfc8 21. Rh2
Qd7 22. Qxd7 Nxd7 23. Rdh1 Nf8 24. hxg6 fxg6 25. Re1 Rc7 26. Rhe2 Raa7 27. Kb1
Rd7 28. Re4 Bd8 29. a4 b4 30. R1e2 a5 31. Re8 Bc7 32. R2e7 Bb6 33. Rxd7 Rxd7
34. Bb5 Rd8 35. Rxd8 Bxd8 36. Bxd6 Kf7 37. c4 bxc3 38. bxc3 Bxg5 39. c4 Be7 40.
Bc7 Bb4 41. Kc2 Ke7 42. Kd3 Nd7 43. Kd4 Nc5 44. Ke3 Nb3 45. Bc6 Bd6 46. Bb6
Bc5+ 47. Bxc5+ Nxc5 48. Kf4 Kf6 49. Bb5 1/2-1/2

[Event "GBR-ch76"]
[Site "Plymouth"]
[Date "1989.08.02"]
[Round "3.13"]
[White "Emms, John M"]
[Black "Wells, Peter K"]
[Result "1/2-1/2"]
[WhiteElo "2300"]
[BlackElo "2400"]
[PlyCount "90"]
[EventDate "1989.07.31"]
[EventType "swiss"]
[EventRounds "11"]
[EventCountry "GBR"]
[SourceTitle "BritBase"]
[Source "John Saunders"]
[SourceDate "2023.12.16"]
[SourceVersion "1"]
[SourceVersionDate "2023.12.16"]
[SourceQuality "1"]

1. e4 e5 2. Nf3 Nc6 3. Bb5 a6 4. Ba4 Nf6 5. O-O Be7 6. Re1 b5 7. Bb3 d6 8. c3
O-O 9. h3 Nb8 10. d4 Nbd7 11. Nbd2 Bb7 12. Bc2 Re8 13. Nf1 Bf8 14. Ng3 g6 15.
a4 c5 16. d5 c4 17. Bg5 h6 18. Be3 Nc5 19. Qc1 h5 20. Ng5 Bg7 21. axb5 axb5 22.
Rxa8 Bxa8 23. f4 exf4 24. Bxf4 Nfd7 25. Qd1 Be5 26. Qd2 Qf6 27. Ne2 Nd3 28.
Bxe5 Rxe5 29. Nf3 N7c5 30. Bxd3 Nxd3 31. Ra1 Re8 32. b4 Bb7 33. Ra7 Bc8 34.
Ned4 Rxe4 35. Ra8 Re8 36. Nxb5 Nf4 37. Kh2 Bd7 38. Rxe8+ Bxe8 39. Na3 Bd7 40.
Qd4 Qxd4 41. Nxd4 Nxd5 42. Nxc4 Nxc3 43. Nxd6 Kf8 44. Kg3 Ke7 45. Nc4 g5
1/2-1/2

[Event "GBR-ch76"]
[Site "Plymouth"]
[Date "1989.08.02"]
[Round "3.14"]
[White "Kosten, Anthony C"]
[Black "Cullip, Stephen J"]
[Result "0-1"]
[WhiteElo "2500"]
[BlackElo "2300"]
[PlyCount "144"]
[EventDate "1989.07.31"]
[EventType "swiss"]
[EventRounds "11"]
[EventCountry "GBR"]
[SourceTitle "BritBase"]
[Source "John Saunders"]
[SourceDate "2023.12.16"]
[SourceVersion "1"]
[SourceVersionDate "2023.12.16"]
[SourceQuality "1"]

1. e4 c5 2. Nf3 e6 3. d4 cxd4 4. Nxd4 a6 5. Bd3 Qc7 6. O-O Nf6 7. Qe2 d6 8. c4
Be7 9. Nc3 O-O 10. b3 b5 11. Bb2 b4 12. Nb1 Bb7 13. Nd2 Nbd7 14. Rae1 Nc5 15.
Bb1 Nfd7 16. Qh5 Bf6 17. Qh3 g6 18. f4 Qb6 19. Kh1 Na4 20. c5 Naxc5 21. e5 dxe5
22. fxe5 Bg7 23. N4f3 Rad8 24. Nc4 Qc7 25. Qh4 Rb8 26. Ng5 h6 27. Nh3 Bd5 28.
Ne3 Qd8 29. Qf4 Bc6 30. Ng4 Qh4 31. Ng1 Kh8 32. Nf3 Bxf3 33. Qxf3 h5 34. Nf6
Nxf6 35. exf6 Bh6 36. Qe2 Rbd8 37. Bc1 Bxc1 38. Rxc1 Rd5 39. Rc4 Qg5 40. h3 a5
41. Qf2 Rfd8 42. Qf3 Kg8 43. Bc2 Kh7 44. Bb1 Rd2 45. Bc2 Kg8 46. Bb1 Nd7 47.
Rc7 Ne5 48. Qe4 Rd1 49. Re1 Qxf6 50. Rc1 Rxe1+ 51. Rxe1 Rd5 52. Qe3 Qd8 53. Bc2
Kg7 54. Qg3 Qd6 55. Rf1 f5 56. Re1 Nf7 57. Qf3 e5 58. Rf1 Qe6 59. Bd1 e4 60.
Qe2 Qd6 61. Qb2+ Qe5 62. Qc1 Qc3 63. Qf4 Qd2 64. Qh4 e3 65. Bf3 Qd4 66. Qe7 Re5
67. Qc7 e2 68. Re1 Qd2 69. Rxe2 Rxe2 70. Bxe2 Qxe2 71. Qxa5 Qe1+ 72. Kh2 Qe5+
0-1

[Event "GBR-ch76"]
[Site "Plymouth"]
[Date "1989.08.02"]
[Round "3.15"]
[White "Haque, Rezaul"]
[Black "Motwani, Paul"]
[Result "1-0"]
[WhiteElo "2285"]
[BlackElo "2490"]
[PlyCount "76"]
[EventDate "1989.07.31"]
[EventType "swiss"]
[EventRounds "11"]
[EventCountry "GBR"]
[SourceTitle "BritBase"]
[Source "John Saunders"]
[SourceDate "2023.12.16"]
[SourceVersion "1"]
[SourceVersionDate "2023.12.16"]
[SourceQuality "1"]

1. d4 Nf6 2. c4 e6 3. Nc3 Bb4 4. e3 O-O 5. Nge2 d5 6. a3 Be7 7. Ng3 c5 8. dxc5
Bxc5 9. b4 Be7 10. cxd5 exd5 11. Be2 a5 12. b5 Be6 13. O-O Nbd7 14. Bb2 Rc8 15.
e4 dxe4 16. Ngxe4 Nxe4 17. Nxe4 Nc5 18. Nxc5 Bxc5 19. Qxd8 Rfxd8 20. Rfd1 Bb3
21. Rxd8+ Rxd8 22. Kf1 b6 23. Ke1 f6 24. Rc1 Kf7 25. Rc3 Bd5 26. Rd3 Rd6 27. f3
Ke6 28. Kd2 Rd7 29. Bd4 Bxd4 30. Rxd4 Bb7 31. Bc4+ Ke7 32. Kd3 Rxd4+ 33. Kxd4
Kd6 34. h4 Bc8 35. g4 h6 36. Bd3 g5 37. h5 Be6 38. Be4 Bb3 1-0

[Event "GBR-ch76"]
[Site "Plymouth"]
[Date "1989.08.02"]
[Round "3.16"]
[White "Ravi, Lanka"]
[Black "Nicholson, John Graham"]
[Result "1/2-1/2"]
[WhiteElo "2410"]
[BlackElo "2295"]
[PlyCount "42"]
[EventDate "1989.07.31"]
[EventType "swiss"]
[EventRounds "11"]
[EventCountry "GBR"]
[SourceTitle "BritBase"]
[Source "John Saunders"]
[SourceDate "2023.12.16"]
[SourceVersion "1"]
[SourceVersionDate "2023.12.16"]
[SourceQuality "1"]

1. d4 Nf6 2. c4 c5 3. d5 b5 4. Nf3 g6 5. cxb5 a6 6. bxa6 Bg7 7. Nc3 Bxa6 8. e4
Bxf1 9. Kxf1 d6 10. g3 O-O 11. Kg2 Nbd7 12. h3 Nb6 13. Re1 Qd7 14. Qc2 Qb7 15.
b3 e6 16. Bb2 exd5 17. Nxd5 Nbxd5 18. exd5 Qxd5 19. Rad1 Qc6 20. Bxf6 Bxf6 21.
Qe4 Qxe4 1/2-1/2

[Event "GBR-ch76"]
[Site "Plymouth"]
[Date "1989.08.02"]
[Round "3.18"]
[White "Lane, Gary William"]
[Black "Ledger, Andrew J"]
[Result "1-0"]
[WhiteElo "2385"]
[BlackElo "2225"]
[PlyCount "58"]
[EventDate "1989.07.31"]
[EventType "swiss"]
[EventRounds "11"]
[EventCountry "GBR"]
[SourceTitle "BritBase"]
[Source "John Saunders"]
[SourceDate "2023.12.16"]
[SourceVersion "1"]
[SourceVersionDate "2023.12.16"]
[SourceQuality "1"]

1. e4 c6 2. d4 d5 3. Nd2 g6 4. h3 Bg7 5. Ngf3 Nh6 6. Bd3 O-O 7. O-O f6 8. Re1
Nf7 9. c4 e6 10. Nf1 Nd7 11. exd5 exd5 12. cxd5 cxd5 13. Bf4 f5 14. Ne3 Nf6 15.
Qb3 Re8 16. Rac1 Re7 17. Re2 Be6 18. Rec2 Ne8 19. Rc5 b6 20. Rc6 Bf6 21. h4 Kg7
22. Re1 Kh8 23. Qb4 Ng7 24. Ng5 Qe8 25. Bb5 Qf8 26. Nxd5 Nxg5 27. Nxf6 Ne4 28.
Nxe4 fxe4 29. Bd6 Qe8 1-0

[Event "GBR-ch76"]
[Site "Plymouth"]
[Date "1989.08.02"]
[Round "3.20"]
[White "Muir, Andrew J"]
[Black "Lalic, Susan Kathryn"]
[Result "1-0"]
[WhiteElo "2250"]
[BlackElo "2345"]
[PlyCount "79"]
[EventDate "1989.07.31"]
[EventType "swiss"]
[EventRounds "11"]
[EventCountry "GBR"]
[SourceTitle "BritBase"]
[Source "John Saunders"]
[SourceDate "2023.12.16"]
[SourceVersion "1"]
[SourceVersionDate "2023.12.16"]
[SourceQuality "1"]

1. d4 c5 2. e4 cxd4 3. Nf3 e6 4. Nxd4 Nc6 5. Nc3 a6 6. Be3 Nge7 7. Nb3 Ng6 8.
f4 d6 9. g3 b5 10. h4 Be7 11. h5 Nf8 12. Qd2 Bb7 13. O-O-O Rc8 14. Bh3 Na5 15.
Bd4 b4 16. Nd5 exd5 17. Bxc8 Nxb3+ 18. axb3 Bxc8 19. h6 Ne6 20. hxg7 Rg8 21.
Rxh7 f6 22. Rh8 Kf7 23. exd5 Nxd4 24. Qxd4 Rxh8 25. gxh8=Q Qxh8 26. Re1 Bf5 27.
g4 Bd7 28. Qe4 Bf8 29. g5 f5 30. Qxb4 Qh4 31. Qd2 Kg6 32. Kb1 Qg3 33. Rh1 Bg7
34. Qe2 Kf7 35. Re1 Bf8 36. Qh5+ Kg8 37. Qg6+ Bg7 38. Re7 Qg1+ 39. Ka2 Qd4 40.
c3 1-0

[Event "GBR-ch76"]
[Site "Plymouth"]
[Date "1989.08.02"]
[Round "3.26"]
[White "Cooper, Lawrence"]
[Black "Houston, David A"]
[Result "1/2-1/2"]
[WhiteElo "2300"]
[BlackElo "2260"]
[PlyCount "115"]
[EventDate "1989.07.31"]
[EventType "swiss"]
[EventRounds "11"]
[EventCountry "GBR"]
[SourceTitle "BritBase"]
[Source "John Saunders"]
[SourceDate "2023.12.16"]
[SourceVersion "1"]
[SourceVersionDate "2023.12.16"]
[SourceQuality "1"]

1. e4 e5 2. Nf3 Nc6 3. Bb5 a6 4. Ba4 Nf6 5. O-O b5 6. Bb3 d6 7. c3 Be7 8. d4
O-O 9. d5 Na5 10. Bc2 c6 11. dxc6 Qc7 12. Nbd2 Qxc6 13. Re1 Be6 14. a4 h6 15.
Nf1 Rfe8 16. Ng3 Bf8 17. h3 Nc4 18. Qe2 Nb6 19. axb5 axb5 20. Be3 Nc4 21. Bd3
Rxa1 22. Rxa1 Ra8 23. Rxa8 Qxa8 24. Bc1 Qa1 25. Qc2 Nd7 26. Kh2 Nc5 27. Be2 Qa2
28. Nd2 Be7 29. Nf5 Bxf5 30. exf5 d5 31. Nxc4 bxc4 32. Be3 Bd6 33. Bxc5 Bxc5
34. f6 Bxf2 35. Qf5 Qa7 36. Qg4 g5 37. Qc8+ Kh7 38. Qf5+ Kg8 39. Qc8+ Kh7 40.
Bg4 Bg3+ 41. Kxg3 Qe3+ 42. Kh2 Qf4+ 43. Kg1 Qc1+ 44. Kf2 Qd2+ 45. Be2 Qf4+ 46.
Ke1 Qc1+ 47. Bd1 Qe3+ 48. Kf1 Kg6 49. Qh8 Qf4+ 50. Ke2 d4 51. cxd4 exd4 52.
Qg7+ Kf5 53. Qxf7 d3+ 54. Ke1 Qe3+ 55. Kf1 Qf4+ 56. Ke1 Qe3+ 57. Kf1 Qf4+ 58.
Ke1 {Source: David McAlister, ICU website, 23 August 2020} 1/2-1/2

[Event "GBR-ch76"]
[Site "Plymouth"]
[Date "1989.08.02"]
[Round "3.27"]
[White "Mestel, A Jonathan"]
[Black "Foster, Nicholas E"]
[Result "1-0"]
[WhiteElo "2520"]
[BlackElo "2205"]
[PlyCount "77"]
[EventDate "1989.07.31"]
[EventType "swiss"]
[EventRounds "11"]
[EventCountry "GBR"]
[SourceTitle "BritBase"]
[Source "John Saunders"]
[SourceDate "2023.12.16"]
[SourceVersion "1"]
[SourceVersionDate "2023.12.16"]
[SourceQuality "1"]

1. e4 Nc6 2. Nf3 e6 3. d4 d5 4. e5 f6 5. Bb5 Nge7 6. O-O a6 7. Bd3 fxe5 8. dxe5
Nb4 9. Be2 c5 10. c3 Nbc6 11. Bd3 Nf5 12. Bg5 Be7 13. Bxe7 Ncxe7 14. b4 b6 15.
bxc5 bxc5 16. c4 O-O 17. Nc3 d4 18. Ne4 Ng6 19. Nxc5 Qc7 20. Bxf5 Rxf5 21. Qxd4
Nxe5 22. Nxe5 Qxe5 23. Qxe5 Rxe5 24. Nd3 Re4 25. Rfc1 a5 26. f3 Rd4 27. Ne5 Ba6
28. Rd1 Rad8 29. Rxd4 Rxd4 30. Rc1 g5 31. c5 Kg7 32. c6 Kf6 33. Ng4+ Ke7 34. c7
Bc8 35. Ne5 Rd5 36. Nc6+ Kd7 37. a4 h6 38. Rc4 Ba6 39. Nb8+ 1-0

[Event "GBR-ch76"]
[Site "Plymouth"]
[Date "1989.08.02"]
[Round "3.28"]
[White "Howell, James C"]
[Black "Jackson, Sheila"]
[Result "1-0"]
[WhiteElo "2395"]
[BlackElo "2210"]
[PlyCount "55"]
[EventDate "1989.07.31"]
[EventType "swiss"]
[EventRounds "11"]
[EventCountry "GBR"]
[SourceTitle "BritBase"]
[Source "John Saunders"]
[SourceDate "2023.12.16"]
[SourceVersion "1"]
[SourceVersionDate "2023.12.16"]
[SourceQuality "1"]

1. d4 Nf6 2. c4 e6 3. Nf3 Bb4+ 4. Nbd2 b6 5. a3 Bxd2+ 6. Bxd2 Ne4 7. Be3 d6 8.
g3 Bb7 9. Bg2 Qc8 10. O-O Nd7 11. d5 exd5 12. cxd5 Nef6 13. Nh4 O-O 14. Nf5 Re8
15. Bd4 Ne5 16. e4 Qd8 17. f4 Ned7 18. g4 g6 19. Nh6+ Kf8 20. Bc3 Nxe4 21. Qd4
Qf6 22. Qxe4 Qh4 23. Qd4 Qxh6 24. g5 Qh4 25. Qg7+ Ke7 26. Rae1+ Kd8 27. Bf6+
Nxf6 28. Qxf6+ 1-0